False God lyrics - Statistics

General Stats
  • This quiz has been taken 173 times
  • The average score is 276 of 320
Answer Stats
Lyrics % Correct
I
100%
a
99%
go
99%
you?
99%
you
99%
you,
99%
You
99%
it
98%
We
98%
we
98%
false
97%
god,
97%
god
97%
it's
97%
this
97%
still
95%
Still
95%
the
93%
The
93%
to
93%
your
93%
And
92%
and
92%
for
92%
love
92%
love,
92%
is
91%
were
91%
we're
91%
when
91%
worship
91%
in
90%
just
90%
if
89%
that
89%
with
89%
you're
89%
You're
89%
do
88%
get
88%
I'm
88%
might
88%
my
88%
think
88%
me
87%
me,
87%
But
86%
crazy
86%
Crazy
86%
Even
86%
like
86%
away
85%
die
85%
I'd
85%
lips
85%
babe
84%
hips
84%
we'd
84%
We'd
84%
can
83%
New
83%
York
83%
can't
82%
by
80%
could
80%
talk
80%
They
80%
us
80%
City
79%
how
79%
not
79%
Religion's
79%
said
79%
work
79%
blind
78%
Blind
78%
town
78%
favorite
77%
Remember
77%
times
77%
jump
76%
altar
75%
say
75%
lost
74%
road
74%
about
73%
faith
73%
gets
73%
West
73%
all
72%
Staring
72%
fight
71%
hell
71%
ocean
71%
out
71%
stupid
71%
Village
70%
window
68%
hard
67%
Honey,
67%
warned
67%
ah
66%
know
66%
led
66%
heaven's
65%
there
65%
thing,
64%
touch
63%
so
62%
up
62%
good
61%
separating
60%
wine
58%
begging
57%
leave
57%
patch
57%
try
55%
scare
54%
fly
53%
forgiveness,
53%
got
53%
Make
53%
Daring
52%
confessions
49%
into
48%
No matching quizzes found
Score Distribution
Percent of People with Each Score
Percentile by Number Answered
Your Score History
You have not taken this quiz